<?xml version="1.0" encoding="UTF-8"?><?xml-stylesheet type="text/xsl" href="static/style.xsl"?><OAI-PMH xmlns="http://www.openarchives.org/OAI/2.0/" xmlns:xsi="http://www.w3.org/2001/XMLSchema-instance" xsi:schemaLocation="http://www.openarchives.org/OAI/2.0/ http://www.openarchives.org/OAI/2.0/OAI-PMH.xsd"><responseDate>2026-04-18T06:04:49Z</responseDate><request verb="GetRecord" identifier="oai:www.recercat.cat:10459.1/72578" metadataPrefix="marc">https://recercat.cat/oai/request</request><GetRecord><record><header><identifier>oai:recercat.cat:10459.1/72578</identifier><datestamp>2024-12-05T22:46:48Z</datestamp><setSpec>com_2072_3622</setSpec><setSpec>col_2072_479130</setSpec></header><metadata><record xmlns="http://www.loc.gov/MARC21/slim" xmlns:dcterms="http://purl.org/dc/terms/" xmlns:xsi="http://www.w3.org/2001/XMLSchema-instance" xmlns:doc="http://www.lyncode.com/xoai" xsi:schemaLocation="http://www.loc.gov/MARC21/slim http://www.loc.gov/standards/marcxml/schema/MARC21slim.xsd">
   <leader>00925njm 22002777a 4500</leader>
   <datafield ind2=" " ind1=" " tag="042">
      <subfield code="a">dc</subfield>
   </datafield>
   <datafield ind2=" " ind1=" " tag="720">
      <subfield code="a">Narváez Olmedo, Gabriela</subfield>
      <subfield code="e">author</subfield>
   </datafield>
   <datafield ind2=" " ind1=" " tag="720">
      <subfield code="a">Sala Roca, Josefina</subfield>
      <subfield code="e">author</subfield>
   </datafield>
   <datafield ind2=" " ind1=" " tag="720">
      <subfield code="a">Urrea Monclús, Aida</subfield>
      <subfield code="e">author</subfield>
   </datafield>
   <datafield ind2=" " ind1=" " tag="260">
      <subfield code="c">2021-12-16T13:23:02Z</subfield>
   </datafield>
   <datafield ind2=" " ind1=" " tag="260">
      <subfield code="c">2021-12-16T13:23:02Z</subfield>
   </datafield>
   <datafield ind2=" " ind1=" " tag="260">
      <subfield code="c">2021</subfield>
   </datafield>
   <datafield ind2=" " ind1=" " tag="520">
      <subfield code="a">The relationship of learning disabilities with&#xd;
social-emotional competencies has been a subject of&#xd;
extensive study in previous decades. It has been possible to&#xd;
identify that the decrease in socio-emotional competencies&#xd;
can hinder the development of the academic progress of&#xd;
students with learning disabilities. However, at present, the&#xd;
researches that address this issue have been comparatively&#xd;
scarce, and at certain points, it has been identified that they&#xd;
could be improved in future studies. Within the framework&#xd;
of this idea, this systematic and methodical review focuses&#xd;
on describing empirical studies that relate these two&#xd;
variables and, additionally, on analyzing and scrutinizing&#xd;
the results that most recent research have reached. This&#xd;
review has taken as reference databases such as Eric,&#xd;
Scopus, and PsycInfo, in the period from 2013 to 2018. The&#xd;
results show that, although most of the assessed studies&#xd;
acknowledge that children and adolescents with learning&#xd;
disabilities have lower socio-emotional competencies, it&#xd;
has not been possible to specify the causes of this&#xd;
relationship, besides, the various instruments used and the&#xd;
variety of theoretical explanations of the two variables&#xd;
studied, resulting in a lack of synchronicity in the&#xd;
explanation of these results. That is why it is necessary to&#xd;
deepen and expand the subject by manipulating other&#xd;
variables and fluctuations that could have an impact onthis&#xd;
relationship, like sex, the type of disabilities, age, and the&#xd;
cultural context in which the students operate, among&#xd;
others. The question of continuing with similar research to&#xd;
be carried out has been risen to modify the limitations&#xd;
discovered in terms of the instruments used, the variety of&#xd;
types of socio-emotional competences, the lack of&#xd;
specificity of learning disabilities, and especially in the&#xd;
systematic and longitudinal methodology which in turn&#xd;
provides the identification of more specific characteristics&#xd;
regarding the causal relationship of learning disabilities&#xd;
and socio-emotional competences.</subfield>
   </datafield>
   <datafield ind1="8" ind2=" " tag="024">
      <subfield code="a">http://hdl.handle.net/10459.1/72578</subfield>
   </datafield>
   <datafield tag="653" ind2=" " ind1=" ">
      <subfield code="a">Learning Disabilities</subfield>
   </datafield>
   <datafield tag="653" ind2=" " ind1=" ">
      <subfield code="a">Socio-Emotional Skills</subfield>
   </datafield>
   <datafield tag="653" ind2=" " ind1=" ">
      <subfield code="a">Systematic Review</subfield>
   </datafield>
   <datafield tag="653" ind2=" " ind1=" ">
      <subfield code="a">Children</subfield>
   </datafield>
   <datafield tag="653" ind2=" " ind1=" ">
      <subfield code="a">Adolescents</subfield>
   </datafield>
   <datafield ind2="0" ind1="0" tag="245">
      <subfield code="a">Relation between Learning Disabilities and Socioemotional Skills in Children and Adolescents: A Systematic Review</subfield>
   </datafield>
</record></metadata></record></GetRecord></OAI-PMH>